000 00870nam a2200241 a 4500
001 000022047
005 20240305122052.0
008 100916s1989 dr 001 0 spa d
040 _aDO-SdBNP
_bspa
_cBNPHU
082 _a972.93
_bH565d
100 1 _aHerrera, César A.,
_d1910-1988
_98333
245 1 0 _aDivulgaciones históricas /
_cCésar A. Herrera ; presentación José Israel Cuello.
260 _aSanto Domingo :
_bTaller,
_c1989.
300 _a246 p. ;
_c24 cm.
490 1 _aBiblioteca Taller
_v261
500 _aIncluye índice de nombres
500 _aIncluye datos biográficos del autor en la contraportada.
651 4 _aRepública Dominicana
_xHistoria
_xEnsayos, Conferencias, Etc.
_97095
700 1 _aCuello, José Israel,
_epresent.
_925882
830 0 _aBiblioteca Taller
_n261
_945692
910 _aValidado. Control de calidad EMS
049 _aBNPD
999 _c21545
_d21545